| 000 | 00481nam a22001697a 4500 | ||
|---|---|---|---|
| 005 | 20251108173115.0 | ||
| 008 | 250721s2002 xx 000 0 ara d | ||
| 082 | 1 | 4 | _a658.403/علي |
| 100 | 1 | _aعليوة، سيد | |
| 245 | 1 | 0 | _aالهندسة الإدارية / |
| 264 | 1 |
_aالمنصورة : _bجزيرة الورد، _c2002. |
|
| 300 | _a112ص | ||
| 650 | 1 | 7 | _aإدارة الأعمال |
| 650 | 1 | 7 | _aالتخطيط التنظيمي |
| 942 |
_2ddc _cBK |
||
| 999 |
_c96207 _d96207 |
||